000 01010nam a22002297a 4500
999 _c19770
_d19770
003 AR-CdUCM
008 190521b ||||| |||| 00| 0 spa d
040 _aMUNICIPALIDAD PROVINCIAL DEL CUSCO
_cBIBLIOTECA MUNICIPAL DEL CUSCO
082 _a199.85 /
_bM39
100 _aMejía Valera, Manuel
_929378
245 _aFuentes para la historia de la filosofía en el Perú /
260 _aLima :
_bUniversidad Mayor de San Marcos,
_c1963.
300 _a203 páginas ;
_c23 cm.
440 _aBiblioteca filosófica
_915046
440 _aHistoria de las ideas
_n1
_941339
505 _aContenido: e la colonia a la república - La escolástica y otras manifestaciones del pensamiento medieval y renacentista - La ilustración en el Perú - Predominio de la economía política: el romanticismo y el eclecticismo - El positivismo - La filosofía actual.
650 _aFilosofía peruana
_914498
650 _aCientífico social
_941340
650 _aPerú
_935
942 _2ddc
_cLIBROS
945 _adavv
_d2019-05-21